00406nam a22001337a 4500082001600000100003600016245007400052264004800126300001900174520001100193650001800204650001400222700003600236 a621.31bAHM aAhmad, Muhammad Nouman (329258) aImpacts of distributed generation (DG) on power distribution system / aIslamabad :bUSPCAS-E, NUSTcFebruary, 2025 axi, 45 p.e+CD aTH-628 aMS EEP Thesis aMS Thesis aSupervisor: Dr. Muhammad Yousif